Generácia Y

Charakteristika a vlastnosti generácie Y. Predchádzajúce generácie: "baby boom" a generácia X. Generácia Y a informačné a komunikačné technológie. Trh práce. Vzťah k reklame.

Enregistré dans:
Détails bibliographiques
Auteur principal: Strážovská, Helena
Autres auteurs: Laczová, Kristína, 1990-
Format: Chapitre de livre
Langue:slovaque
Sujets:
Tags: Ajouter un tag
Pas de tags, Soyez le premier à ajouter un tag!

MARC

LEADER 00000naa a2200000 4500
001 0178935
005 20240502073035.4
041 0 |a slo 
044 |a SK 
245 1 0 |a Generácia Y  |c Helena Strážovská, Kristína Laczová 
520 |a Charakteristika a vlastnosti generácie Y. Predchádzajúce generácie: "baby boom" a generácia X. Generácia Y a informačné a komunikačné technológie. Trh práce. Vzťah k reklame. 
610 2 0 |a generácie 
610 2 0 |a štýl životný 
610 2 0 |a vzdelanie 
610 2 0 |a trh práce 
610 2 0 |a reklama 
610 2 0 |a technológie informačné 
610 2 0 |a technológie komunikačné 
100 1 |a Strážovská, Helena 
700 1 |a Laczová, Kristína, 1990-